The male homosexual in literature : a bibliography /

Furkejuvvon:
Bibliográfalaš dieđut
Váldodahkki: Young, Ian (Dahkki)
Materiálatiipa: Girji
Giella:eaŋgalasgiella
Almmustuhtton: Metuchen : The Scarecrow press, 1982
Preanttus:2. ed
Fáddágilkorat: Lasit fáddágilkoriid
Eai fáddágilkorat, Lasit vuosttaš fáddágilkora!

MARC

LEADER 00000nam a22000007i 4500
001 IT\ICCU\UBO\3546894
003 ItRI
005 20260115231822.0
008 081219s1982 xxu|||||| ||||| |||||c
020 |a 081081529X 
040 |b ita  |c importazione bologna sebina 
041 7 |a eng  |2 ISO-639-2 
100 1 |a Young, Ian  |0 IT\ICCU\UFIV\120022  |4 aut 
245 1 4 |a The male homosexual in literature :  |b a bibliography /  |c by Ian Young ; with essays by Ian Young, Graham Jackson and Rictor Norton. 
250 |a 2. ed 
260 |a Metuchen :  |b The Scarecrow press,  |c 1982 
300 |a X, 350 p. ;  |c 23 cm. 
942 |2 ddc  |c BK  |n 0 
952 |0 0  |1 0  |4 0  |6 DOC_015_730000000000000_YOU  |7 0  |9 13497  |a BO  |b BO  |d 2026-01-15  |i 1876  |l 0  |o DOC 015.73 YOU  |p BO1876  |r 2026-01-15 23:18:23  |w 2026-01-15  |x [Sebina 5] [1 v.]  |y BK  |z 1 v. 
999 |c 11600  |d 11600